|
|
|
|
| LEADER |
00000csc a2200000 a 4500 |
| 001 |
92500-12 |
| 005 |
20230308212228.0 |
| 008 |
000000|1946 ||||||||r|||||||||||spa|| |
| 040 |
|
|
|b spa
|
| 041 |
1 |
|
|a spa
|
| 082 |
0 |
|
|a 320.9
|
| 100 |
1 |
|
|a Vedia y Mitre, Mariano de
|9 11057
|
| 245 |
1 |
1 |
|a Historia general de las ideas políticas (Con una introducción sobre la teoría del Estado)
|c Mariano de Vedia y Mitre
|h imp
|n tomo 12
|
| 264 |
|
|
|a Buenos Aires
|b Guillermo Kraft
|c 1946
|
| 300 |
|
|
|a 472 páginas:
|b ilu
|c 24 cm
|
| 650 |
1 |
|
|a Monteagudo bernardo
|9 11030
|
| 650 |
1 |
|
|a Belgrano manuel
|9 13877
|
| 650 |
1 |
|
|a Carril salvador maria del
|9 292727
|
| 650 |
1 |
|
|a Carta de mayo
|9 292728
|
| 650 |
1 |
|
|a Rivadavia bernardino
|9 62133
|
| 650 |
1 |
|
|a Dorrego manuel
|9 292729
|
| 852 |
|
|
|a UC-CDJBV
|c ESTANTERIA CERRADA
|f Compra
|k mariana.feican
|l 1
|m General
|p 00000000
|r 2
|t 92500-12
|b 0
|d CDRC
|e CDRC
|g 320.9 ESTANTERIA CERRADA
|z 0000-00-00
|
| 942 |
|
|
|
| 999 |
|
|
|c 121379
|d 121379
|